Statistics for Квиз о Либији

Click here to take the quiz!

General Stats

  • This quiz has been taken 15 times
  • The average score is 14 of 20

Answer Stats

ОписОдговор% Correct
Државе са којима се граничиАлжир
100%
Државе са којима се граничиЕгипат
100%
Званичан језикАрапски
100%
Владар Либије у периоду 1969–2011Муамер ел Гадафи
100%
Државе са којима се граничиЧад
100%
Државе са којима се граничиТунис
100%
Једина боја на бившој застави Либије, 1977–2011Зелена
100%
Државе са којима се граничиСудан
91%
Државе са којима се граничиНигер
91%
Главни градТриполи
91%
Државна валутаЛибијски динар
91%
Европска држава која је на кратко колонизовала ЛибијуИталија
91%
Низ протеста који су довели до пада горе наведеногАрапско {пролеће}
73%
Значење имена главног града на грчком језикуТри {града}
64%
Други најмногољуднији градБенгази
36%
Либија добија другу најмању количину овога у свету (само њен источни сусед има мање)Падавина
27%
Шта је сироко? (у Либији познат и као гибли)Ветар
27%
Либија је била део ове историјске области насељене гусарима{Берберска} Обала
0%
Источна обална регија ЛибијеКиренаика
0%
Реч на слово "M" којом се означава стари део града у северноафричким државамаМедина
0%

Score Distribution

Percentile by Number Answered

Percent of People with Each Score

Your Score History

You have not taken this quiz